000 00448nam a2200181Ia 4500
001 13784
005 20260306164826.0
008 260306t2008||||xx |||||||||||||| ||spa||
041 _aESP
082 _a005.133P
_bG44 2008
100 _aGift, Noah
_eAUT
245 0 _aPython para administración de sistemas Unix y Linux
260 _c2008
300 _a510 páginas :
_c22 cm.
650 _aGEN
654 _aCCC
942 _cLIB
_dJUS
_fJUS
_2ddc
_n
999 _c13784
_d13784